00366pab a2200121 454500008004000000100002000040245011100060260000900171300001200180362001100192650001500203773002600218180718b1999 xxu||||| |||| 00| 0 eng d aHofstede, Geert aProblem remains but theories will change: the universal and the specific in 21st century global management c1999 ap.34-43 aSummer aManagement aOrganization Dynamics